000 003860000a22001450004500
001 004336
003 MACL
040 _aMACL
090 _c16329
_d16328
100 _aShastri, J.L.
245 _aAncient IndianTradition & Mythology Volume 20 Part 1
_bThe Kurma P̜urana Part 1
_cJ.L. Shastri
260 _aMotilal Banarsidass Publishers,
_c2002
650 _aReligion
942 _k295
_cBook
999 _c16227
_d16227